Percepción personal
Shranjeno v:
| Main Authors: | , , |
|---|---|
| Format: | Knjiga |
| Jezik: | španščina |
| Izdano: |
Ciudad de México
Fondo Educativo Interamericano
1982
|
| Teme: | |
| Oznake: |
Označite
Brez oznak, prvi označite!
|
MARC
| LEADER | 00000nam a2200000 a 4500 | ||
|---|---|---|---|
| 001 | UCY4483 | ||
| 003 | CL-VaPUC | ||
| 008 | 950314e19820000MX |||||||||||||||||spa|d | ||
| 082 | 0 | 4 | |a 302 |b SCH |2 21 |
| 100 | 0 | |a Schneider, David J |e author |9 332956 | |
| 700 | 0 | |a Hartorf, Albert H |e author |9 332957 | |
| 700 | 0 | |a Ellsworth, Phoebe C |e author |9 332958 | |
| 245 | 1 | 0 | |a Percepción personal |
| 300 | |a 349 p | ||
| 942 | |c BK | ||
| 945 | |d 19950314 00:00:00 |a rbrito | ||
| 260 | |a Ciudad de México |b Fondo Educativo Interamericano |c 1982 | ||
| 650 | 7 | |a PERCEPCION SOCIAL |2 CL-VaPUC |9 332959 | |
| 650 | 0 | |a Psicología social |9 222894 | |
| 583 | |a last modification |c 19950314 00:00:00 |k Rodrigo Vera | ||
| 999 | |c 232332 |d 232330 | ||
| 952 | |0 0 |1 0 |4 0 |6 302_000000000000000_SCH_1982 |7 0 |8 P |9 236501 |a BIBEDU |b BIBEDU |c BIBEDU_PB |d 2019-11-15 |i 3065618 |o 302 SCH 1982 |p 3065618 |r 2019-11-15 |w 2019-11-15 |y BK |k EDU | ||
| 952 | |0 0 |1 0 |4 0 |6 302_000000000000000_SCH_1982 |7 0 |8 P |9 236502 |a BIBEDU |b BIBEDU |c BIBEDU_PB |d 2019-11-15 |i 3065529 |o 302 SCH 1982 |p 3065529 |r 2019-11-15 |w 2019-11-15 |y BK |k EDU | ||
| 952 | |0 0 |1 0 |4 0 |6 302_000000000000000_SCH_1982 |7 0 |8 P |9 236503 |a BIBEDU |b BIBEDU |c BIBEDU_PB |d 2019-11-15 |i 3068773 |o 302 SCH 1982 |p 3068773 |r 2019-11-15 |w 2019-11-15 |y BK |k EDU | ||
| 952 | |0 0 |1 0 |4 0 |6 302_000000000000000_SCH_1982 |7 0 |8 P |9 236504 |a BIBEDU |b BIBEDU |c BIBEDU_PB |d 2019-11-15 |i 3068781 |o 302 SCH 1982 |p 3068781 |r 2019-11-15 |w 2019-11-15 |y BK |k EDU | ||